<?xml version="1.0" encoding="UTF-8"?>
<collection xmlns="http://www.loc.gov/MARC21/slim">
 <record>
  <leader>02010nam a2200217   4500</leader>
  <controlfield tag="001">1/27526</controlfield>
  <controlfield tag="008">980219s2000    gr            001 0 gre d</controlfield>
  <datafield tag="020" ind1=" " ind2=" ">
   <subfield code="a">960985539</subfield>
   <subfield code="q">(set)</subfield>
  </datafield>
  <datafield tag="020" ind1=" " ind2=" ">
   <subfield code="a">960985512</subfield>
   <subfield code="q">(?.1)</subfield>
  </datafield>
  <datafield tag="035" ind1=" " ind2=" ">
   <subfield code="l">29386</subfield>
  </datafield>
  <datafield tag="082" ind1="0" ind2="0">
   <subfield code="a">657.48 ΜΠΑ</subfield>
  </datafield>
  <datafield tag="100" ind1="1" ind2=" ">
   <subfield code="a">Μπαλής, Θεοχάρης.</subfield>
  </datafield>
  <datafield tag="245" ind1="1" ind2="0">
   <subfield code="a">Σύγχρονη χρηματοοικονομική λογιστική:</subfield>
   <subfield code="b">Θεωρία-λογιστική πρακτική-ΚΒΣ-φορολογία εισοδήματος-ΦΠΑ-ελληνικό γενικό λογιστικό σχέδιο/</subfield>
   <subfield code="c">Θεοχάρης Αθ. Μπαλής.</subfield>
  </datafield>
  <datafield tag="260" ind1=" " ind2=" ">
   <subfield code="a">Αθήνα :</subfield>
   <subfield code="b">Το οικονομικό,</subfield>
   <subfield code="c">2000.</subfield>
  </datafield>
  <datafield tag="300" ind1=" " ind2=" ">
   <subfield code="a">2 τ. (330 σ.) ;</subfield>
   <subfield code="c">23 εκ.</subfield>
  </datafield>
  <datafield tag="504" ind1=" " ind2=" ">
   <subfield code="a">Περιέχει βιβλιογραφία.</subfield>
  </datafield>
  <datafield tag="505" ind1="0" ind2=" ">
   <subfield code="a">Τ.1. Ιστορική εξέλιξη της λογιστικής, οι θεμελιώδεις έννοιες της: κεφάλαιο-έσοδα-έξοδα-κέρδος, ανάλυση λογαριασμών-αποφάσεων βάσει του Ε'ΓΛΣ -ΚΒΣ, ανάπτυξη του Ε'ΓΛΣ (ομάδες1-7) κ.α. -- Τ.2. Σύγχρονη λογιστική θεωρία και πρακτική, άνοιγμα-λειτουργία-κλείσιμο βιβλίων βάσει Ε'ΓΛΣ-ΚΒΣ-ΦΠΑ και κωδικός φορολ. εισοδήματος, ανάλυση του λογιστικού συγκεντρωτικού συστήματος, λογιστική υποκαταστημάτων, βασικές αρχές διερεύνησης των εισολογισμών κ.α.</subfield>
  </datafield>
  <datafield tag="650" ind1=" " ind2="4">
   <subfield code="a">Χρηματοοικονομική λογιστική.</subfield>
  </datafield>
  <datafield tag="852" ind1=" " ind2=" ">
   <subfield code="a">INST</subfield>
   <subfield code="b">UNIPILB</subfield>
   <subfield code="c">MAIN</subfield>
   <subfield code="e">20050819</subfield>
   <subfield code="h">657.48 ΜΠΑ</subfield>
   <subfield code="p">00149106</subfield>
   <subfield code="q">00149106</subfield>
   <subfield code="t">LOAN</subfield>
   <subfield code="y">0</subfield>
   <subfield code="4">1</subfield>
  </datafield>
  <datafield tag="852" ind1=" " ind2=" ">
   <subfield code="a">INST</subfield>
   <subfield code="b">UNIPILB</subfield>
   <subfield code="c">MAIN</subfield>
   <subfield code="e">20050819</subfield>
   <subfield code="h">657.48 ΜΠΑ</subfield>
   <subfield code="p">00149107</subfield>
   <subfield code="q">00149107</subfield>
   <subfield code="t">LOAN</subfield>
   <subfield code="y">0</subfield>
   <subfield code="4">1</subfield>
  </datafield>
  <datafield tag="852" ind1=" " ind2=" ">
   <subfield code="a">INST</subfield>
   <subfield code="b">UNIPILB</subfield>
   <subfield code="c">MAIN</subfield>
   <subfield code="e">20110214</subfield>
   <subfield code="h">657.48 ΜΠΑ</subfield>
   <subfield code="p">00162422</subfield>
   <subfield code="q">00162422</subfield>
   <subfield code="t">LOAN</subfield>
   <subfield code="y">0</subfield>
   <subfield code="4">3</subfield>
  </datafield>
 </record>
</collection>
